=LDR 00000nam 2200000 4500 =001 000436 =005 20250710041258 =035 ##$$a 0010-0725000298 =007 ta =008 250710################a##########0#ind## =020 ##$$a 978-623-307-191-8 =082 ##$$a 398.209 598 =084 ##$$a 398.209 598 LEM k =100 #$$a Leman, Sharon =245 1#$$a Kreasi Kardus Eli /$c Sharon Leman =250 ##$$a cetakan kedua =260 ##$$a Jakarta Timur :$b Badan Pengembangan dan Pembinaan Bahasa,$c 2024 =300 ##$$a 28 hlm. : $b Ilus. ; $c 29,7 cm =650 #4$$a Cerita Anak - Indonesia =856 ##$$a TBM As-suhada =990 ##$$a TBM01600160